| 000 | 00877nam a22002177a 4500 | ||
|---|---|---|---|
| 999 |
_c11022 _d11022 |
||
| 003 | AR-CdUCM | ||
| 008 | 190402b ||||| |||| 00| 0 spa d | ||
| 040 |
_aMUNICIPALIDAD PROVINCIAL DEL CUSCO _cBIBLIOTECA MUNICIPAL DEL CUSCO |
||
| 082 |
_a634.9 / _bM71 /1951 |
||
| 110 |
_aMinisterio de agricultura y ganadería _928135 |
||
| 245 | _aNociones de arboricultura / | ||
| 260 |
_aBuenos Aires : _bMiscelanea : _c19051. |
||
| 300 |
_a61 paginas ; _c22 cm. |
||
| 440 |
_aPublicaciones miscelanea _n226. _928136 |
||
| 505 | _aNociones de arboricultura -- Comparación de la biología de la planta frutal salvaje y de la cultivada -- Injertos de aproximación lateral -- injertos de aproximación en cabeza -- Clasificación de injerto ... | ||
| 650 |
_aPlanta _928137 |
||
| 650 |
_aInjertos _928138 |
||
| 650 |
_aArboricultura _919915 |
||
| 942 |
_2ddc _cLIBROS |
||
| 945 | _arah | ||